000 00444nam a2200145 i 4500
001 70562
003 ES-MaACL
007 t|
008 040728s1926 sp ||||1| spa d
100 1 _aGarcía Viñals, José.
_955415
245 1 0 _aCompendios de Medicina y Cirugía, Climatología e Hidrología /
_cJosé García Viñals.
260 _aMadrid :
_b[s.n.,
_c1926] (
_fBlass)
300 _a153 p. ;
_c17 cm.
852 _aES-MaACL
_jB-9762
_bR.18496
999 _c70562
_d70562